[Event "Delft Prinsenstad op-C"]
[White "Van der Meiden, Pim"]
[Black "Van der Pol, Theo"]
[Site "Delft"]
[Round "6"]
[Result "1/2-1/2"]
[Date "2012.04.08"]
[WhiteElo "1482"]
[BlackElo "1384"]
[PlyCount "95"]
[EventDate "2012.04.06"]
[EventType "swiss"]
[EventRounds "6"]
[EventCountry "NED"]
[SourceTitle "EXT 2013"]
[Source "ChessBase"]
[SourceDate "2012.11.22"]
[SourceVersion "1"]
[SourceVersionDate "2012.11.22"]
[SourceQuality "1"]

1. e4 Nf6 2. e5 Nd5 3. d4 d6 4. f4 dxe5 5. fxe5 e6 6. Nf3 c5 7. c4 Nb6 8. Bg5 Be7 9. Bxe7 Qxe7 10. d5 exd5 11. cxd5 Bg4 12. Bb5+ N8d7 13. 0-0 0-0 14. Bxd7 Nxd7 15. Qb3 b6 16. Nbd2 Nxe5 17. Rae1 Nxf3+ 18. gxf3 Qg5 19. Ne4 Qg6 20. fxg4 Qxg4+ 21. Qg3 Qxg3+ 22. hxg3 Rad8 23. Rd1 Rfe8 24. Nc3 a6 25. Kf2 Re5 26. Rfe1 Rf5+ 27. Kg2 Kf8 28. d6 Rf6 29. d7 Re6 30. Rxe6 fxe6 31. Na4 Ke7 32. Nxb6 Rb8 33. Nc8+ Kd8 34. b3 Rb7 35. Nd6 Rxd7 36. Nf7+ Ke7 37. Rxd7+ Kxd7 38. Ne5+ Kd6 39. Nc4+ Kd5 40. Kf3 Kd4 41. Kf4 h6 42. g4 g6 43. Kf3 e5 44. Nd2 h5 45. g5 Kd3 46. Ne4 Kd4 47. a4 a5 48. Nd2 1/2-1/2